000 00517nam a2200193Ia 4500
008 151119s9999||||xx |||||||||||||| ||und||
082 _a891.463
082 _bGKKV6684
100 _aशिरवळकर सुहास
245 _aहत्यारा
260 _a--
260 _b--
260 _c1988
600 _aशिरवळकर सुहास
630 _aहत्यारा
700 _aशिरवळकर सुहास
730 _aहत्यारा
942 _cBOOK
999 _c1061492
_d1061489